000
00304nam a22001457a 4500
008
221101b ||||| |||| 00| 0 eng d
020
_a
2900198556946
041
_a
eng
080
_a
575
082
_a
575
100
_a
13
101
_a
BIO
245
_a
CHEMICAL BONDING
_c
WINTER M
942
_2
udc
_c
BK
999
_c
58708
_d
58708